El Convento de San Pablo en Las Navas del Marqués / (Record no. 194991)
[ view plain ]
| 000 -LEADER | |
|---|---|
| campo de control de longitud fija | 01528nam a2200361 i 4500 |
| 001 - NÚMERO DE CONTROL | |
| campo de control | 194991 |
| 003 - IDENTIFICADOR DE NÚMERO DE CONTROL | |
| campo de control | SpMaBN |
| 005 - FECHA Y HORA DE LA ÚLTIMA TRANSACCIÓN | |
| campo de control | 20241004141743.0 |
| 007 - CAMPO FIJO DE DESCRIPCIÓN FÍSICA--INFORMACIÓN GENERAL | |
| campo de control de longitud fija | ta |
| 008 - DATOS DE LONGITUD FIJA--INFORMACIÓN GENERAL | |
| campo de control de longitud fija | 240523s2009 sp a | ||||o000 0 spa |
| 017 ## - NÚMERO DE COPYRIGHT O DE DEPÓSITO LEGAL | |
| Número de copyright o de depósito legal | M 30435-2009 |
| Agencia que asigna | Oficina Depósito Legal Madrid |
| 035 ## - NÚMERO DE CONTROL DEL SISTEMA | |
| Número de control de sistema | (OCoLC)733855495 |
| 035 ## - NÚMERO DE CONTROL DEL SISTEMA | |
| Número de control de sistema | a4675100 |
| 040 ## - FUENTE DE CATALOGACIÓN | |
| Centro catalogador/agencia de origen | SpMaBN |
| Lengua de catalogación | spa |
| Centro/agencia transcriptor | SpMaBN |
| Normas de descripción | rdc |
| Centro/agencia modificador | ES-MaACL |
| 080 ## - NÚMERO DE LA CLASIFICACIÓN DECIMAL UNIVERSAL | |
| Número de la Clasificación Decimal Universal | 726.7(460.189 Navas del Marqués) |
| 100 1# - ENTRADA PRINCIPAL--NOMBRE DE PERSONA | |
| Nombre de persona | Martín Martín, Teodoro |
| Número de control del registro de autoridad o número normalizado | XX894691 |
| 9 (RLIN) | 77556 |
| 245 13 - MENCIÓN DEL TÍTULO | |
| Título | El Convento de San Pablo en Las Navas del Marqués / |
| Mención de responsabilidad, etc. | Teodoro Martín Martín. |
| 260 ## - PUBLICACIÓN, DISTRIBUCIÓN, ETC. | |
| Lugar de publicación, distribución, etc. | Las Navas del Marqués : |
| Nombre del editor, distribuidor, etc. | Ayuntamiento de Las Navas del Marqués, |
| Fecha de publicación, distribución, etc. | 2009. |
| 300 ## - DESCRIPCIÓN FÍSICA | |
| Extensión | 118 p., [8] p. de lám. col. : |
| Otras características físicas | il., planos ; |
| Dimensiones | 24 cm |
| 336 ## - TIPO DE CONTENIDO | |
| Fuente | rdacontent |
| Término de tipo de contenido | texto |
| 337 ## - TIPO DE MEDIO | |
| Fuente | rdamedia |
| Nombre/término del tipo de medio | sin mediación |
| 338 ## - TIPO DE SOPORTE | |
| Fuente | rdacarrier |
| Nombre/término del tipo de soporte | volumen |
| 500 ## - NOTA GENERAL | |
| Nota general | Catalogación provisional. Signatura: N 8668. Depósito J. |
| 610 27 - PUNTO DE ACCESO ADICIONAL DE MATERIA--NOMBRE DE ENTIDAD CORPORATIVA | |
| Nombre de entidad corporativa o nombre de jurisdicción como elemento de entrada | Convento de San Pablo (Las Navas del Marqués) |
| Fuente del encabezamiento o término | embne |
| 9 (RLIN) | 236614 |
| 651 #7 - PUNTO DE ACCESO ADICIONAL DE MATERIA--NOMBRE GEOGRÁFICO | |
| Nombre geográfico | Las Navas del Marqués |
| Subdivisión general | Edificios, estructuras, etc. |
| Fuente del encabezamiento o término | embne |
| 9 (RLIN) | 236615 |
| 852 ## - LOCALIZACIÓN | |
| Ubicación | ES-MaACL |
| Sublocalización o colección | R.153023 |
| Ubicación en estantería | Depósito J |
| Número de control de estantería | N-8668 |
| Anotaciones manuscritas | Dedicatoria autógrafa del autor |
| Donativo/Legado | Donación: Teodoro Martín Martín |
| itemnumber | 202655 |
| Nota libre | En proceso |
| 903 ## - NOMBRE PERSONAL DE DONANTE | |
| 9 | 77556 |
| a | Martín Martín, Teodoro |
| e | Donante |
| 942 ## - ELEMENTOS DE ENTRADA SECUNDARIOS (KOHA) | |
| Suprimir en OPAC | No |
| Tipo de ítem Koha | Libro impreso |
| Estatus retirado | Estado de pérdida | Fuente del sistema de clasificación o colocación | Estado de daño | No para préstamo | Colección | Biblioteca de origen | Biblioteca actual | Ubicación en estantería | Fecha de adquisición | Fuente de adquisición | Total de préstamos | Signatura topográfica completa | Código de barras | Visto por última vez | Precio de reemplazo | Tipo de ítem Koha | Nota pública |
|---|---|---|---|---|---|---|---|---|---|---|---|---|---|---|---|---|---|
| Clasificación decimal universal | Libros con dedicatorias | Biblioteca del Ateneo de Madrid | Biblioteca del Ateneo de Madrid | Depósito J | 23/05/2024 | Donación | N-8668 | 101227804 | 23/05/2024 | 23/05/2024 | Libro impreso | Dedicatoria autógrafa del autor |
